1242 1000 1939 1717 1981 1055 1894 1995 1028 1939 1582 1137 1303 1814 1424 1394 1285 1334 1543 1461 1910 1866 1125 1524 1736 1437 1307 1742 1562 1067 1210 1653 1856 1719 1037 1922 1696 1751 1647 1977 1738 1701 1989 1656 1998 1536 1184 1703 1175 1438 1602 1160 1147 1119 1185 1177 1508 1968 1320 1047 1346 1526 1773 1570 1651 1160 1369 1550 1232 1311 1764 1340 1366 1769 1932 1004 1399 1809 1759 1119 1387 1662 1601 1272 1880 1251 1071 1916 1900 1124 1500 1110 1659 1071 1297 1827 1470 1439 1699 BCNSPRNW ULIB Ver.6.0+V

เปลี่ยนเป็นภาษาไทย

Change to English
 แสดงรายละเอียดบรรณานุกรม
  กลับหน้าหลัก

Brief Record : Get Marc (ISO 2709) : E-mail record : QR code < ปิดหน้าต่าง
LEADER : 00000nam 2200000uu 4500
001    13399110910
003     ULIB
008    110613s||||||||th 000 0 tha d
020    9749006596
050  4 AC158^bป542ด 2546
100    ปาซาซอฟฟ์, เจย์ เอ็ม
245    ดาราศาสตร์/ ^cผู้แต่ง ครอนไคน์, โดนัลด์; แปล ตรัยเทพ เกษศิลป์
246 31 สำรวจโลกวิทยาศาสตร์
260    กรุงเทพฯ : ^bเพียร์สัน เอ็ดดูเคชั่น อินโดไชน่า, ^c2546
300    160 หน้า : ^bภาพประกอบ ; ^c28 ซม.
490    สำรวจโลกวิทยาศาสตร์
650  7 ดาว
650  7 วิทยาศาสตร์
700    ตรัยเทพ เกษศิลป์, ^eผู้แปล
945    ^p0^l0^i028883
995    ทศพร
999 ^a ใช้งานได้ทุกระบบ
รายการนี้ยังไม่มีแท็ก
คุณยังไม่ได้ล็อกอิน คุณสามารถมีกิจกรรมร่วมกับเว็บไซต์ได้ แต่ต้องล็อกอินก่อน ::
  ล็อกอิน

รายการสื่อสารสนเทศ

ลำดับที่ ประเภท เลขเรียก/บาร์โค้ด สถานที่ สถานะ
- ไม่พบข้อมูล -

รายการใกล้เคียง
    หัวเรื่อง [ดาว]
    หัวเรื่อง [วิทยาศาสตร์]

BibComment


ยังไม่เคยถูกคอมเมนท์

คอมเมนท์ทรัพยากรรายการนี้
  คอมเมนท์: ดาราศาสตร์ ผู้แต..


 Copyright 2026. Bcnsprnw @Library